• 首页
  • 本馆介绍
  • 公告通知
  • 最新文献
  • 馆藏检索
  • 电子资源
  • 读者导购
  • 参考咨询
  • 我的图书馆
  • 登录
  • 详细信息显示
  • 放入我的书架
  • 预约/预借图书
  • 作者相关作品
  • 分类相关作品
  • 丛书相关作品
  • 出版社相关作品

书目信息

  • 表格格式
  • 工作单格式
  • 卡片格式
题名:
中国纪行
    
 
作者: 伊东忠太, 著 ;薛雅明 , 王铁钧 译
分册:  
出版信息: 北京   中国画报出版社  2017
页数: 12, 291页
开本: 27cm
丛书名: 近代以来海外涉华艺文图志系列丛书
单 册:
中图分类: I313.65 , TU-092.2
科图分类:
主题词: 游记--You Ji--日本--现代--作品集 , 古建筑--Gu Jian Zhu--中国
电子资源:
ISBN: 978-7-5146-1325-4
000 01428nam 2200325 450
001 012001006723
005 20131017142027.0
010    @a978-7-5146-1325-4@b精装@dCNY88.00
099    @aCAL 012018023232
100    @a20180122d2017 em y0chiy50 ea
101 0  @achi
102    @aCN@b110000
105    @aab z 000yy
106    @ar
200 1  @a中国纪行@AZhong Guo Ji Xing@e伊东忠太建筑学考察手记@f(日) 伊东忠太著@g薛雅明, 王铁钧译
210    @a北京@c中国画报出版社@d2017
215    @a12, 291页@c图, 地图@d27cm
225 2  @a近代以来海外涉华艺文图志系列丛书@AJin Dai Yi Lai Hai Wai She Hua Yi Wen Tu Zhi Xi Lie Cong Shu
330    @a《中国纪行》中的500余副手绘图涵盖了地图、建筑临摹、风景草绘、实物素描……这些图均出自于作者伊东忠太在晚清时期对中国的游历过程,图像细致入微,内容丰富。更重要的是,多数建筑已经损毁于战乱及自然灾难之中,书中所引用的多数文献内容也已经难以再现。这本书能够保存至今,是难得的中国建筑文物的记录。
410  0 @12001 @a近代以来海外涉华艺文图志系列丛书
517 1  @a伊东忠太建筑学考察手记@AYi Dong Zhong Tai Jian Zhu Xue Kao Cha Shou Ji
606 0  @a游记@AYou Ji@y日本@z现代@j作品集
606 0  @a古建筑@AGu Jian Zhu@y中国
690    @aI313.65@v5
690    @aTU-092.2@v5
701  0 @a伊东忠太,@AYi Dong Zhong Tai@f1867-1954@4著
702  0 @a薛雅明@AXue Ya Ming@4译
702  0 @a王铁钧@AWang Tie Jun@4译
801  2 @aCN@b上海新华@c20191020
905    @b1175245-8@dI313.65@e537@f4
    
    中国纪行:伊东忠太建筑学考察手记/(日) 伊东忠太著/薛雅明, 王铁钧译.-北京:中国画报出版社,2017
    12, 291页:图, 地图;27cm.-(近代以来海外涉华艺文图志系列丛书)
    
    
    ISBN 978-7-5146-1325-4(精装):CNY88.00
    《中国纪行》中的500余副手绘图涵盖了地图、建筑临摹、风景草绘、实物素描……这些图均出自于作者伊东忠太在晚清时期对中国的游历过程,图像细致入微,内容丰富。更重要的是,多数建筑已经损毁于战乱及自然灾难之中,书中所引用的多数文献内容也已经难以再现。这本书能够保存至今,是难得的中国建筑文物的记录。
●
相关链接 在E读中查询图书 在五车中查询图书 在当当中查询图书 在豆瓣中查询图书


正题名:中国纪行     索取号:I313.65/537         预约/预借

序号 登录号 条形码 馆藏地/架位号 状态 备注
1 1175245   211752450   第一样本阅览室/ [索取号:I313.65/537] 在馆    
2 1175246   211752469   第二借阅区/ [索取号:I313.65/537] 在馆    
3 1175247   211752478   第二借阅区/ [索取号:I313.65/537] 在馆    
4 1175248   211752487   第二借阅区/ [索取号:I313.65/537] 在馆    
唐山师范学院图书馆 欢迎您!
大连网信软件有限公司© 版权所有